Normal view
MARC view
Entry Topical Term
001 - CONTROL NUMBER
- control field: 22406
003 - CONTROL NUMBER IDENTIFIER
- control field: dpl
005 - DATE AND TIME OF LATEST TRANSACTION
- control field: 20100929142812.0
008 - FIXED-LENGTH DATA ELEMENTS
- fixed length control field: 100929|||a|||||| | ||| d
040 ## - CATALOGING SOURCE
- Original cataloging agency: dpl
- Transcribing agency: dpl
150 ## - HEADING--TOPICAL TERM
- Topical term or geographic name as entry element: Mythology, Roman.
670 ## - SOURCE DATA FOUND
- Source citation: Work cat.: (dpl)0: Gardner, Jane F. 22405, Roman myths /, 2010
670 ## - SOURCE DATA FOUND
- Source citation: Work cat.: (dpl)0: Gardner, Jane F. 22405, Roman myths /, 2010
